| 000 | 01006nam a22002417a 4500 | ||
|---|---|---|---|
| 008 | 130821s2009 ck gr spa | ||
| 020 | _a9789589243640 | ||
| 040 |
_aCo-BoUCM _bspa |
||
| 041 | 0 | 0 | _aspa |
| 100 | 1 |
_aReinoso Lastra, Juan Fernando _9167255 |
|
| 245 | 1 | 4 |
_aLos indicadores de gestión y su relación con la cultura organizacional _cJuan Fernando Reinoso Lastra, Mario Enrique Uribe Macias |
| 260 |
_aIbagué (Tolima, Colombia) _bUniversidad del Tolima _c2009 |
||
| 300 | _a231 páginas | ||
| 504 | _aIncluye bibliografía. | ||
| 650 | 0 | 4 |
_aAdministración de empresas _9435 |
| 650 | 0 | 4 |
_aControl de la producción _911892 |
| 650 | 0 | 4 |
_aCultura corporativa _912394 |
| 650 | 0 | 4 |
_aIndicadores de gestión _917303 |
| 700 | 1 |
_aUribe Macias, Mario Enrique _9167256 |
|
| 710 | 1 |
_aUniversidad del Tolima. _bGrupo de Investigación en Estrategias, Estructura y Cultura Organizacional. E.C.O. _9167257 |
|
| 942 |
_cLIBRO _a16 _e1 _mR373i _2DEWEY _h658.4013 |
||
| 999 |
_c68833 _d68833 |
||